KOHA-Header-6

Learning Science: Theory, Research, & Practice (Record no. 13732)

000 -LEADER
fixed length control field 00296nam a22001217a 4500
020 ## - INTERNATIONAL STANDARD BOOK NUMBER
ISBN 9781260457995
082 ## - DEWEY DECIMAL CLASSIFICATION NUMBER
Classification number 370.152
100 ## - MAIN ENTRY--AUTHOR NAME
Personal name Feldman, Robert S.
245 ## - TITLE STATEMENT
Title Learning Science: Theory, Research, & Practice
260 ## - PUBLICATION, DISTRIBUTION, ETC. (IMPRINT)
Place of publication USA
Name of publisher McGraw Hill
Year of publication 2020
300 ## - PHYSICAL DESCRIPTION
Number of Pages xv, 366 pageas
942 ## - ADDED ENTRY ELEMENTS (KOHA)
Koha item type Books
Holdings
Withdrawn status Lost status Collection code Permanent Location Current Location Shelving location Date acquired Full call number Accession Number Koha item type
    Computer Science MAJU MAJU Shelf No.A34 2023-03-20 370.152 10820 Books

Powered by Koha